Presidencias y golpes militares del siglo xx : 3 /
Guardado en:
| Autor Principal: | |
|---|---|
| Otros Autores: | , , , |
| Formato: | Libro |
| Publicado: |
Buenos Aires :
Centro Editor de América Latina,
1987
|
| Series: | Biblioteca Política Argentina
|
| Materias: | |
| Etiquetas: |
Agregar Etiqueta
Sin Etiquetas, Sea el primero en etiquetar este registro!
|
| LEADER | 01233nam a22002775a 4500 | ||
|---|---|---|---|
| 001 | CEM.cems012434 | ||
| 005 | 20070330202152.0 | ||
| 008 | 130507s1987##################000#0#####d | ||
| 003 | CEMS | ||
| 082 | 0 | 4 | |a 982 |
| 100 | 1 | |a Troncoso, Oscar, dir. | |
| 245 | 1 | 0 | |a Presidencias y golpes militares del siglo xx : |b 3 / |c Oscar Troncoso |
| 260 | |a Buenos Aires : |b Centro Editor de América Latina, |c 1987 | ||
| 300 | |a 135 p. | ||
| 490 | 0 | |a Biblioteca Política Argentina | |
| 505 | 0 | |a La revolución libertadora / Daniel Rodríguez Lamas -- La presidencia de Frondizi / Daniel Rodríguez Lamas -- La presidencia de Illía / Pedro Sánchez -- El gobierno de Onganía : crónica / Gerardo Bra -- Cámpora/Perón/Isabel / Horacio Maceyra -- El proceso de recorganización nacional : cronología y documentación / oscar Troncoso | |
| 653 | |a Historia | ||
| 653 | |a Historia argentina-siglo xx | ||
| 653 | |a Historia política argentina-siglo xx | ||
| 653 | |a Presidencias argentinas-siglo xx | ||
| 653 | |a Golpes militares argentinas-siglo xx | ||
| 700 | 1 | |a Rodríguez Lamas, Daniel | |
| 700 | 1 | |a Sánchez, Pedro | |
| 700 | 1 | |a Bra, Gerardo | |
| 700 | 1 | |a Maceyra, Horacio | |
| 859 | |a CEMS |b BIB. CEMS - 11 de abril |h 982 |i T752 |p 23883.07 |t Ej.1 |v 3 |3 3 | ||
